MARC

LEADER 00000nam0a2200000 4500
001 37122
005 20231101210419.0
035 |a (RuTPU)RU\TPU\book\37680 
090 |a 37122 
100 |a 20011224d1986 m y0rusy50 ca 
101 0 |a rus 
102 |a RU 
105 |a y z 000zy 
200 1 |a Слово о здоровье  |f Ю. П. Лисицын 
210 |a Москва  |c Советская Россия  |d 1986 
215 |a 191 с. 
606 1 |a Медицина  |2 stltpush  |3 (RuTPU)RU\TPU\subj\41780  |9 61564 
610 1 |a здоровье 
610 1 |a риск 
610 1 |a курение 
610 1 |a алкоголизм 
610 1 |a пищевое отравление 
610 1 |a заболевания 
610 1 |a профилактика 
675 |a 61  |v 3 
700 1 |a Лисицын  |b Ю. П.  |g Юрий Павлович 
801 1 |a RU  |b 63413507  |c 20011224  |g PSBO 
801 2 |a RU  |b 63413507  |c 20220831  |g PSBO 
942 |c BK